Quizzes
Events
Quiz Creation
Community
Videos
Private Events
Remove Ads
Sign In
Join for FREE
Feedback
Dark Mode
Quiz Categories
Sports
Geography
Music
Movies
Television
Just For Fun
Miscellaneous
History
Literature
Language
Science
Gaming
Entertainment
Religion
Holiday
For Kids
Quiz Lab
Recent
Popular Today
Quiz Kudos Today
Editor Picks
Curator Picks
Quizzes by...
Day
Popularity
Type
Ratings
Length
Year
Community
Subscriptions
Recent Discussions
Orange Saloon
Badges
Playlists
Quests
Create
Leaderboards
Showdown
Live 5
Trivia Bingo
Activity
Puzzle Library
Sporcle Events
Private Events
Virtual Trivia
Globe League
Become a Host
Pub Owners
SporcleCon
Opinionation
Our Games
Videos
Blog
Mobile Apps
Partnerships
Remove Ads and Go Orange
Feedback
Sports
Athletes
MLB
NBA
NHL
NFL
Soccer
Sports Teams
WWE
NCAA
Football
Premier League
Basketball
Baseball
Hockey
Golf
Tennis
Cricket
Rugby
Auto Racing
Olympics
World Cup
Sports
Athletes
MLB
NBA
NHL
NFL
Soccer
Sports Teams
WWE
NCAA
Football
Premier League
Basketball
Baseball
Hockey
Golf
Tennis
Cricket
Rugby
Auto Racing
Olympics
World Cup
Random Quiz
Search Sporcle
×
Quiz Lab
Quiz Lab
Sports
team
Type in answers that appear in a list
Type in answers that appear in a list
Classic
Best Score? Go Orange.
All-Stars traded by Marlins Stats
Can you name the All-Stars traded by the Miami Marlins?
By
forneverandafter
10m
40 Questions
53 Plays
53 Plays
53 Plays
Comments
Comments
Give Quiz Kudos
Give Quiz Kudos
-
- Ratings
hide this ad
Random Order
Randomize order of answers
Randomize order of answers
Replay
Link that replays current quiz
Next Quiz
Link to next quiz in quiz playlist
You Got
0%
They Got
Avg Score
49%
Avg Friend Score
Upgrade to see
Score Distribution
Jump to the score distribution portion of the page
Score
0/40
Timer
10:00
0
Plays Today
Position
Player
% Correct
Third Baseman
Miguel Cabrera
88.7%
Starting Pitcher
Josh Beckett
79.2%
Starting Pitcher
Josh Johnson
79.2%
Shortstop
Hanley Ramirez
79.2%
Catcher
Charles Johnson
79.2%
Left/
Right Fielder/
Third Baseman
Gary Sheffield
79.2%
Catcher
Mike Piazza
77.4%
Second Baseman
Dan Uggla
75.5%
Third Baseman
Mike Lowell
71.7%
First Baseman
Derrek Lee
71.7%
Shortstop
Jose Reyes
71.7%
First Baseman
Carlos Delgado
69.8%
Starting Pitcher
Dontrelle Willis
66%
Second Baseman
Luis Castillo
66%
First Baseman
Gaby Sánchez
64.2%
First Baseman
Adrian Gonzalez
60.9%
Starting Pitcher
Al Leiter
58.5%
Shortstop
Edgar Rentería
56.6%
Catcher
John Buck
54.7%
Starting Pitcher
Kevin Brown
54.7%
Position
Player
% Correct
Left/
Right Fielder
Moisés Alou
52.8%
Second Baseman
Omar Infante
50.9%
First Baseman/
Left Fielder
Jeff Conine
50.9%
Left Fielder
Juan Pierre
47.2%
Relief Pitcher
Heath Bell
45.3%
Center Fielder
Preston Wilson
43.4%
Left Fielder
Cliff Floyd
41.5%
Starting/
Relief Pitcher
Liván Hernández
41.5%
Starting/
Relief Pitcher
Brad Penny
39.6%
Outfielder
Josh Willingham
38.5%
Starting Pitcher
Mark Buerhle
37.7%
Relief Pitcher
Trevor Hoffman
35.8%
Third Baseman/
Right Fielder
Bobby Bonilla
32.1%
Relief Pitcher
Rob Nenn
20.8%
Starting/
Relief Pitcher
Ryan Dempster
17%
Catcher
Paul Lo Duca
11.3%
Starting Pitcher
Mike Hampton
9.4%
Third Baseman
Terry Pendleton
9.4%
Second Baseman/
Outfielder
Emilio Bonafacio
7.7%
Outfielder/
Designated Hitter
Carl Everett
5.7%
Quiz Playlist
Details
Report
Send in Message
Add To Playlist
Classic:
Type in answers that appear in a list
Random Order:
Randomize order of answers
Last Updated: Feb 16, 2017
Quiz Scoreboard
CHALLENGE
Sign Up to Join the Scoreboard
Show All
Scores
Hide
Comments
May contain spoilers
Recently Published
NBA Finals Game Top Scorers (2010s)
by flibbidy
Sports
5m
Guess the 'R' Things in 3 Words
by MSUKent
Miscellaneous
3m
Actor to Badly Drawn Movie III
by MoMosMoProblems
Movies
5m
More to Explore
Quiz From the Vault
Featured Blog Post
Where Does Lost Luggage Go?
hide this ad
You Might Also Like...
Tags
All-Star
Miami
Miami Marlins
Player
team
Traded
Today's Top Quizzes in Sports
Browse Sports
hide this ad
Today's Top Quizzes in team
Browse team
Top Contributed Quizzes in Sports
1
Les joueurs à 100 buts en Ligue 1 Uber Eats
2
2022 World Cup Stars
3
Millionaire: NBA Finals Edition
4
2024 March Madness Bracket
5
Players with Multiple 50 Home Run Seasons
6
Criteria MLB: Left Handed Sluggers
7
Nickname Match: Athletes VI
8
Iconic Moments in Football - Multiple Choice
9
NFL MVPs ordered
10
NBA Championships Per City
Explore More
Trending Topics
Crossword
Disney
Kpop
Anime
NBA
Marvel
Harry Potter
Song
NFL
The Office
Soccer
Country
Pokémon
WWE
Puzzle
hide this ad
More By:
forneverandafter
Quiz
Plays
Rating
Category
Featured
Created
FFDP songs by lyric
526
Music
Nov 24, 2012
Name The NFL Player
409
2.88
Sports
Jan 24, 2011
AH Let's Play Minecraft Facts
248
Gaming
Oct 10, 2014
Tired by Stone Sour Lyrics
201
4.33
Music
Jan 2, 2014
Breaking Benjamin Dark Before Dawn Songs Opening Lyric
184
Music
Jan 3, 2016
Go to Creator's Profile
Score Distribution
Quiz Creator Spotlight
forneverandafter
Follow
Send a Message
Quizzes Created
-
Created Quiz Play Count
-
More By This Creator
Popular Quizzes Today
1
Find the US States - No Outlines Minefield
2
Find the US States
3
The Countries of the World
4
10 Largest US States in Order
5
Find the Countries of Europe - No Outlines Minefield
6
US States
7
Guess the 'R' Things in 3 Words
8
NBA Finals Game Top Scorers (2010s)
More Sports Quizzes
Top PL Scorers by Nation II
Quiz Lab
Trending Quizzes
First Name TV: Leading Men
Match the Book to the Film II
First Name TV: Leading Women Drama
Match the Book to the Film VI
Pick A Pair: Religious TV
Recently Updated
Women's Final Four Teams by Year
bhenderson79
Presidents Quartet II
eogle
Anything But Clue(do)
eogle
Anything But Oceanian Capitals
eogle
Anything But 7
eogle
Anything But Thing
eogle
Word Ladder: February 29
pecheneg
Song Title Questions
pecheneg
Women's NCAA Tournament #1 Seeds
pecheneg
Celebrity Mug Shots
pecheneg
Trending Topics
Anime
Crossword
Kpop
Disney
NBA
Harry Potter
Marvel
The Office
Pokémon
WWE
Song
Soccer
Puzzle
Country
NFL
Your Account Isn't Verified!
In order to create a playlist on Sporcle, you need to verify the email address you used during registration. Go to your
Sporcle Settings
to finish the process.
Report this User
Report this user for behavior that violates our
Community Guidelines
.
Details:
Send Report
Go to the Sporcle.com Mobile Site →
Comments